| 000 | 00696cab a2200241 4500 | ||
|---|---|---|---|
| 001 | ABS57307 | ||
| 008 | 090401t1997 xxu||||| |||| 00| 0 eng d | ||
| 035 | _a(Sirsi) u79971 | ||
| 041 | _aeng | ||
| 100 | _aMetliss, M. | ||
| 245 | _aClue up on technicalities | ||
| 260 | _c1997 | ||
| 350 | _a0 | ||
| 490 |
_aEstates Gazette _v(9730) 26 July 1997, 112-113(2) |
||
| 520 | _aWarns of the dangers of resorting to technical points to win a dispute in the Courts. Relates recent case law examples. | ||
| 650 | _aDISPUTES | ||
| 650 | _aLEASE AGREEMENTS | ||
| 650 | _aLITIGATION | ||
| 650 | _aTECHNICALITIES | ||
| 690 | _aPROPERTY-LANDLORD AND TENANT | ||
| 942 | _n0 | ||
| 948 | _c29/07/1997 | ||
| 999 |
_c50326 _d50326 |
||